00712nam a2200205Ia 450000500170000000800410001704000190005804100120007708200190008924501180010826000350022630000170026165000190027865100470029770000180034485000100036294200070037299900160037995201110039520221117090828.0131103s9999 xx 000 0 und d aLoreto College aEnglish a821.7bSHE-HUG aShelleyb poetry and prose : with essays by Browing,Bagehot,Swinburne and reminiscences by otherscA.M.D.Hughes aOxford bClarendon Pressc1950 axxii,224 p.  aEnglish Poetry aShelley,Percy Bysshe - Poems - Collections aHughes,A.M.D. aLCLIB cBK c5787d56266 00102ddc4070aMAINbMAINd2013-11-04l2o821.7 SHE-HUGpB5654r2016-09-14s2016-09-14w2013-11-04yBKf